000
00434 a2200133 4500
000
nam a22 7a 4500
100
_a
सीताराम मीना
110
_a
सीताराम मीना
245
_a
समग्र हिन्दी व्याकरण
250
_a
Latest edition
260
_b
आर पब्लिकेशन
_c
2024
264
_b
आर पब्लिकेशन
_c
2024
942
_c
BK
999
_c
396689
_d
396689